Top 15 biggest cities in Russia - Statistics

General Stats
  • This quiz has been taken 37 times
  • The average score is 12 of 15
Answer Stats
Hint Answer % Correct
1 Moscow/Moskva
100%
2 St. Petersburg/Saint Petersburg
100%
5 Kazan
88%
6 Nizhny Novgorod/Gorky
88%
3 Novosibirsk
88%
4 Yekaterinburg
88%
9 Omsk
83%
8 Samara
79%
11 Ufa
79%
15 Volgograd
79%
10 Rostov
75%
7 Chelyabinsk
71%
14 Perm
63%
13 Voronezh
46%
12 Krasnoyarsk
42%
No matching quizzes found
Score Distribution
Percent of People with Each Score
Percentile by Number Answered
Your Score History
You have not taken this quiz